| 000 | 00423nam a22001697a 4500 | ||
|---|---|---|---|
| 003 | DO-SdBNP | ||
| 005 | 20180221132139.0 | ||
| 008 | 180221b xxu||||| |||| 00| 0 spa d | ||
| 020 | _a2764115008 | ||
| 040 |
_aBPMSU _bspa _cBPMSU |
||
| 245 | _aGato con botas | ||
| 260 |
_aMontreal, Canada _bTormnt _c2002 |
||
| 300 |
_a10 p. _bil. _c12 cm |
||
| 942 |
_2ddc _cBK |
||
| 945 | _ainventariado, 2018 / dg | ||
| 956 |
_adgarcia _b10 |
||
| 999 |
_c13328 _d13328 |
||